000 01046nam a22003137a 4500
003 CHAP
005 20220817041247.0
008 971013s1992 r 00010 d
010 _a9793
011 _a10765
035 _a10003
040 _cCHAP
090 _aFolleto 14223
100 0 0 _aNagel, José R.
_980049
245 _aEducación de adultos, agricultura y desarrollo rural
_b: los nuevos desafíos
260 _aSan José, C. R. :
_bInstituto Interamericano de Cooperación para la Agricultura,
_c1992
300 _a24 p.
490 _aPublicaciones misceláneas
_v; A1/SC-92-16
590 _aBATCH-UPD
_b10
_c20130110
_lUCH01
_h0955
590 _aBATCH-UPD
_b10
_c20130410
_lUCH01
_h0607
590 _aBATCH-UPD
_b10
_c20130914
_lUCH01
_h1154
590 _aCONVERSION
_b10
_c20130109
_lUCH01
_h1306
650 1 4 _aDesarrollo rural.
_932067
650 1 4 _aEducación de adultos.
_935562
830 0 _aPublicaciones misceláneas
_v; A1/SC-92-16
901 _aBK
942 _cFOLL
949 _aFolleto 14223
_bBC
_cFOLL
_d-21364
_eTS1
_i10003
_si
999 _c9793
_d9793